000 04572nam0a2200661 4500
001 RU\NLR\BIBL_A\011711685
005 20200329231026.0
010 _a978-5-7996-2220-6
_9200
021 _aRU
_bКН-П-18-028958
_9КН-П-18-2120
035 _a(NLR Aleph) 011711685
035 _a(RuMoRGB)009609726
090 _a11436840
_c11436840
100 _a20180523d2017 k y0rusy50 ca
101 0 _arus
_aeng
_erus
_eeng
102 _aRU
105 _aac z 001zy
135 _acrmn mmmancda
200 1 _aРусская песня и европейский романс в рукописном сборнике начала XIX в.: эмоциональная культура на переломе эпох
_dRussian songs and the european romance in a manuscript from the early XIX: emotional culture in an epochal shift
_e[сборник]
_fМинистерство образования и науки Российской Федерации, Уральский федеральный университет имени первого Президента России Б. Н. Ельцина
_g[сост., подгот. текстов: Л. С. Соболева, доктор филологических наук, профессор, О. А. Михайлова]
_zeng
210 _aЕкатеринбург
_cИзд-во Уральского университета
_d2017
215 _a649, [1] с.
_cил., табл., цв. ил., портр.
_d25
225 1 _aНациональная гуманитарная инициатива
225 1 _aБиблиотека журнала QUAESTIO ROSSICA
300 _aНа обл. авт.: Л. С. Соболева, О. А. Михайлова
300 _aТекст рус., англ.
320 _aБиблиогр.: с. 642-645 (60 назв.) и в подстроч. примеч.
320 _aИмен. и геогр. указ.: с. 605-619
320 _aУказ. инципитов: с. 620-626
325 _aКопия доступна в Электрон. б-ке РНБ
327 1 _aСодерж.: Песни воинские и патриотические; Народные плясовые и комические песни; Народные лирические песни о любви и судьбе; Мужские любовные переживания в книжной поэзии; Женские любовные переживания в книжной поэзии; Любовное чувство в книжной поэзии; Песни-поздравления; Песни из театральных спектаклей, литературных произведений
510 1 _aRussian songs and the european romance in a manuscript from the early XIX: emotional culture in an epochal shift
_zeng
606 1 _aНародные песни русские
_91230752
_3RU\NLR\AUTH\66183908
606 1 _aПесенный жанр
_xв поэзии русской
_z19 в.
_92374301
_3RU\NLR\AUTH\6601638411
686 _aШ3(2=1Р)-638.0
_2rubbk
686 _aШ5(0)-335.3,0
_2rubbk
686 _aЧ611.53(2)47-5,0
_2rubbk
686 _aЩ319.41(2)я43
_2rubbk
686 _aЩ319.43(2)я43
_2rubbk
686 1 _aЩ319.41(2)
686 1 _aШ3(2=1Р)-631.0
686 1 _aШ3(2=1Р)-631
686 1 _aШ5(2=Р)51-335
686 2 _aШ6(2=Р)51-5
702 1 _4220
_aМихайлова
_bО. А.
_cфилолог, литература и фольклор
_gОльга Андреевна
_9190127
_3RU\NLR\AUTH\770190178
702 1 _4220
_7ca
_8rus
_aСоболева
_bЛ. С.
_cд-р филол. наук
_f1948-
_gЛариса Степановна
_928764
_3RU\NLR\AUTH\7745829
712 0 2 _4570
_aУральский федеральный университет им. первого Президента России Б. Н. Ельцина
_cЕкатеринбург
_9832088
_3RU\NLR\AUTH\8810168127
856 0 _uhttp://vivaldi.nlr.ru/bx000020729/view
856 1 _uhttp://vivaldi.nlr.ru/bx000020729/cover
856 2 _uhttp://vivaldi.nlr.ru/bx000020729/text
942 _cBOOK
980 _aNBR
980 _aNB
981 1 3 _a(13) Документы, защищенные авторским правом
_b(13) Современная научная, научно-популярная и популярная л